Commutative algebra : with a view toward algebraic geometry /

Guardado en:
Autor Principal: Eisenbud, David.
Formato: Libro
Idioma:English
Publicado: New York : Springer-Verlag, c1995.
Series:Graduate texts in mathematics ; 150
Acceso en línea:Listado de correcciones
Etiquetas: Agregar Etiqueta
Sin Etiquetas, Sea el primero en etiquetar este registro!
LEADER 00907nam a22002415a 4500
001 MAT.inmabb000081
008 940420s1995####nyua#####b####001#0#eng##
005 20130304123917.0
245 1 0 |a Commutative algebra :  |b with a view toward algebraic geometry /  |c David Eisenbud. 
260 |a New York :  |b Springer-Verlag,  |c c1995. 
300 |a xvi, 797 p. ;  |c 24 cm. 
440 0 |a Graduate texts in mathematics ;  |v 150 
504 |a Incluye referencias bibliográficas (p. [757]-774) e índices. 
510 4 |a MR,  |c 97a:13001 
020 |a 0387942696 (pbk.) 
020 |a 0387942688 
100 1 |a Eisenbud, David. 
084 |a 13-01 (14A05)  |2 msc2000  |9 2000 
010 |a  94017351  
856 4 |u http://www.msri.org/people/staff/de/index.html  |y Listado de correcciones 
859 |h 13  |i Ei36  |p A-7478  |b BIB. MATEMATICA 
859 |h 13  |i Ei36  |p A-7780  |t Ej. 2  |b BIB. MATEMATICA 
859 |h 13  |i Ei36  |p A-7886  |t Ej. 3  |b BIB. MATEMATICA